Normal view
MARC view
Entry Personal Name
001 - CONTROL NUMBER
- control field: 1239656
003 - CONTROL NUMBER IDENTIFIER
- control field: OSt
005 - DATE AND TIME OF LATEST TRANSACTION
- control field: 20260514122604.0
008 - FIXED-LENGTH DATA ELEMENTS
- fixed length control field: 260514|| aca||aabn | a|a d
040 ## - CATALOGING SOURCE
- Original cataloging agency: OSt
- Transcribing agency: OSt
100 ## - HEADING--PERSONAL NAME
- Personal name: Singh Dr.Kalpana
670 ## - SOURCE DATA FOUND
- Source citation: Work cat.: (OSt)1851521: Singh Dr.Kalpana , Study of CD44 Expression in Breast Carcinoma and to See its Association with the Molecular Subtypes of Breast Carcinoma.
